000 00748nas a2200241 4500
001 BR7901040
003 BR-BrBNA
005 20231205083640.0
007 ta
008 230509b bl.|||p| |||| 00| 00por d
040 _aBR-BrBNA
_bpor
_cBiblioteca Nacional de Agricultura
041 _a(Pt)
072 _aF22
100 1 _aFreire, W.J.
100 1 _aPiedade Junior, C.
245 1 _aO silicato de sodio e seu efeito sobre a qualidade do solo-cimento [compactacao do solo]
650 _aFISICA DO SOLO
650 _aCOMPACTACAO DO SOLO
650 _aSILICATO DE SODIO
773 0 _tRevista Ceres (Brazil)
_xISSN 0034-737X
_g(Mar 1979), v. 26(144) p. 179-188
_wBR7901040
909 _a202311
_bLúcia
_c55
_dLúcia Elande
942 _2AGRIS
_n0
_cANA
999 _c100309
_d100309